[Event "SRI-chT"]
[Site "Colombo"]
[Date "2023.07.29"]
[Round "2.2"]
[White "Weerathungalage, WD Malisha Sasvidu"]
[Black "Peiris, TSS"]
[Result "1/2-1/2"]
[WhiteElo "1509"]
[BlackElo "1838"]
[PlyCount "137"]
[EventDate "2023.07.28"]
[EventType "team-tourn"]
[EventRounds "9"]
[EventCountry "SRI"]
[SourceTitle "CBM 215 Extra"]
[Source "ChessBase"]
[SourceDate "2023.09.30"]
[SourceVersion "1"]
[SourceVersionDate "2023.09.30"]
[SourceQuality "1"]
[WhiteTeam "Mayor CC"]
[BlackTeam "Maroons CC"]
[WhiteTeamCountry "SRI"]
[BlackTeamCountry "SRI"]

1. e4 c5 2. Nf3 d6 3. d4 cxd4 4. Nxd4 Nf6 5. Nc3 a6 6. Be3 e5 7. Nb3 Be7 8. Be2 Be6 9. 0-0 0-0 10. f4 exf4 11. Bxf4 d5 12. e5 Qb6+ 13. Kh1 Ne4 14. Qe1 Nd7 15. Bd3 f5 16. exf6 Ndxf6 17. Nxe4 dxe4 18. Bxe4 Nxe4 19. Qxe4 Bxb3 20. axb3 Bf6 21. Qc4+ Kh8 22. Bc7 Qa7 23. Qb4 Rfe8 24. Rad1 b5 25. Rd7 Qe3 26. h3 Qe2 27. Qf4 Qxc2 28. Rf2 Qxb3 29. Rfd2 Qe6 30. R2d5 Rac8 31. Kh2 h6 32. Qg3 Rxc7 33. Qxc7 Be5+ 34. Rxe5 Qxe5+ 35. Qxe5 Rxe5 36. Rd8+ Kh7 37. b4 Re4 38. Rd6 Rxb4 39. Rxa6 h5 40. Kg3 h4+ 41. Kf3 g6 42. Rb6 Kh6 43. Rc6 Rc4 44. Rb6 b4 45. Rb5 g5 46. Rb6+ Kg7 47. Ke3 Rc2 48. Ke4 Rf2 49. Ke5 Rf4 50. Rb7+ Kg6 51. Rb6+ Kh5 52. Rb8 Rf2 53. Rh8+ Kg6 54. Rg8+ Kh6 55. Rh8+ Kg7 56. Rb8 b3 57. Rxb3 Rxg2 58. Kf5 Kh6 59. Rf3 Kh5 60. Ke4 Rh2 61. Ke3 Ra2 62. Ke4 Ra4+ 63. Kf5 g4 64. hxg4+ Rxg4 65. Rh3 Rg3 66. Rh2 Rf3+ 67. Ke4 Kg4 68. Rxh4+ Kxh4 69. Kxf3 1/2-1/2

[Event "Colombo Golden Jubilee op"]
[Site "Colombo"]
[Date "2022.11.26"]
[Round "7"]
[White "Liyanage, Pesandu Rashmitha"]
[Black "Weerathungalage, WD Malisha Sasvidu"]
[Result "1-0"]
[WhiteElo "1812"]
[BlackElo "1586"]
[PlyCount "27"]
[EventDate "2022.11.23"]
[EventType "swiss"]
[EventRounds "9"]
[EventCountry "SRI"]
[SourceTitle "CBM 211 Extra"]
[Source "ChessBase"]
[SourceDate "2023.01.31"]
[SourceVersion "1"]
[SourceVersionDate "2023.01.31"]
[SourceQuality "1"]

1. e4 c5 2. Nc3 a6 3. g3 b5 4. Bg2 Bb7 5. Nge2 e6 6. d4 cxd4 7. Nxd4 d6 8. 0-0 Qc7 9. Re1 Nf6 10. Nd5 exd5 11. exd5+ Kd8 12. Bg5 Nbd7 13. Qe2 h6 14. Qe8# 1-0

[Event "Colombo Golden Jubilee op"]
[Site "Colombo"]
[Date "2022.11.24"]
[Round "4"]
[White "Weerathungalage, WD Malisha Sasvidu"]
[Black "Jayaweera, Hashan"]
[Result "1-0"]
[WhiteElo "1586"]
[BlackElo "1404"]
[PlyCount "109"]
[EventDate "2022.11.23"]
[EventType "swiss"]
[EventRounds "9"]
[EventCountry "SRI"]
[SourceTitle "CBM 211 Extra"]
[Source "ChessBase"]
[SourceDate "2023.01.31"]
[SourceVersion "1"]
[SourceVersionDate "2023.01.31"]
[SourceQuality "1"]

1. e4 c5 2. Nf3 d6 3. d4 cxd4 4. Nxd4 Nf6 5. Nc3 a6 6. Be3 e6 7. f3 b5 8. Qd2 Bb7 9. g4 Qc7 10. h4 b4 11. Nce2 Nc6 12. 0-0-0 Rb8 13. g5 Nd7 14. f4 d5 15. e5 Na5 16. b3 Nc4 17. bxc4 dxc4 18. Rh2 b3 19. axb3 Bd5 20. Bg2 Ba3+ 21. Kb1 cxb3 22. c3 Qb7 23. Bxd5 Qxd5 24. Ng3 Nb6 25. Ndf5 0-0 26. Bxb6 Qxd2 27. Rhxd2 Rxb6 28. Nd6 Rc6 29. Nge4 Rb8 30. f5 a5 31. f6 a4 32. Nb5 Bf8 33. Rd8 Rcc8 34. Rxc8 Rxc8 35. Kb2 Rb8 36. c4 h6 37. Na3 Kh7 38. c5 Kg6 39. Nd6 hxg5 40. hxg5 gxf6 41. gxf6 Bh6 42. Rg1+ Kh5 43. Rh1+ Kg6 44. c6 Bf4 45. Re1 Rh8 46. Rg1+ Kh7 47. Rh1+ Kg8 48. Rxh8+ Kxh8 49. Nxf7+ Kg8 50. c7 Kxf7 51. c8Q Bxe5+ 52. Kb1 Bxf6 53. Qd7+ Be7 54. Qxa4 Bxa3 55. Qxa3 1-0

[Event "SRI-ch U14 Girls"]
[Site "Nugegoda"]
[Date "2021.03.11"]
[Round "4"]
[White "Weerathungalage, WD Malisha Sasvidu"]
[Black "Nanayakkara, MM."]
[Result "0-1"]
[WhiteElo "1340"]
[BlackElo "1170"]
[PlyCount "50"]
[EventDate "2021.03.09"]
[EventType "tourn"]
[EventRounds "11"]
[EventCountry "SRI"]
[SourceTitle "CBM 201 Extra"]
[Source "ChessBase"]
[SourceDate "2021.05.31"]
[SourceVersion "1"]
[SourceVersionDate "2021.05.31"]
[SourceQuality "1"]

1. e4 c5 2. Nf3 Nc6 3. d4 cxd4 4. Nxd4 Nf6 5. Nc3 g6 6. Be3 Bg7 7. Bc4 0-0 8. f3 Qb6 9. Ncb5 a6 10. Nf5 Qd8 11. Nh6+ Bxh6 12. Bxh6 axb5 13. Bxf8 Kxf8 14. Bb3 Qa5+ 15. c3 Qb6 16. Qd2 Ne5 17. Qh6+ Kg8 18. Kd2 Qf2+ 19. Kc1 Nd3+ 20. Kd1 Nxb2+ 21. Kc1 Nd3+ 22. Kd1 Qxg2 23. Re1 Nxe1 24. Qd2 Qxd2+ 25. Kxd2 Nxf3+ 0-1

[Event "SRI-ch U14 Girls"]
[Site "Nugegoda"]
[Date "2021.03.10"]
[Round "3"]
[White "Weerathungalage, WD Malisha Sasvidu"]
[Black "Amarathunga, Kosala Sandeepa Cha"]
[Result "0-1"]
[WhiteElo "1340"]
[BlackElo "1286"]
[PlyCount "78"]
[EventDate "2021.03.09"]
[EventType "tourn"]
[EventRounds "11"]
[EventCountry "SRI"]
[SourceTitle "CBM 201 Extra"]
[Source "ChessBase"]
[SourceDate "2021.05.31"]
[SourceVersion "1"]
[SourceVersionDate "2021.05.31"]
[SourceQuality "1"]

1. d4 Nf6 2. Nc3 e6 3. Bf4 d5 4. e3 Bb4 5. Bd3 0-0 6. Qf3 c5 7. dxc5 Nbd7 8. Qg3 Nxc5 9. Bg5 Nxd3+ 10. cxd3 d4 11. exd4 Qxd4 12. Nge2 Qg4 13. Qe3 Nd5 14. Qd2 h6 15. Be3 f5 16. 0-0-0 Bd7 17. h3 Qg6 18. Bd4 f4 19. g4 Bc6 20. Rhg1 Qg5 21. h4 Qxh4 22. Qe1 e5 23. Bxe5 f3 24. Ng3 Qg5+ 25. Kb1 Rae8 26. d4 Ba4 27. Nge4 Qg6 28. Rd3 Bb5 29. Rd1 Be2 30. Rc1 Nxc3+ 31. bxc3 Qxe4+ 32. Kb2 Ba5 33. g5 h5 34. g6 Re6 35. Rg5 Rf5 36. Qd2 Rxg5 37. Qxg5 Rb6+ 38. Ka1 Bxc3+ 39. Rxc3 Qb1# 0-1

[Event "Wch FIDE Online U12 Asia qual"]
[Site "Tornelo INT"]
[Date "2020.12.12"]
[Round "4"]
[White "Ashraf, Artin"]
[Black "Weerathungalage, WD Malisha Sasvidu"]
[Result "1-0"]
[WhiteElo "2075"]
[BlackElo "1340"]
[PlyCount "73"]
[EventDate "2020.12.11"]
[EventType "swiss (rapid)"]
[EventRounds "7"]
[EventCountry "ISS"]
[SourceTitle "EXT 2022"]
[Source "ChessBase"]
[SourceDate "2021.10.06"]
[SourceVersion "1"]
[SourceVersionDate "2021.10.06"]
[SourceQuality "1"]

1. Nf3 d5 2. d4 Nf6 3. g3 e6 4. Bg2 Bd6 5. 0-0 c6 6. c4 Nbd7 7. Nc3 b6 8. Nd2 Bb7 9. e4 dxe4 10. Ndxe4 Be7 11. Bf4 Nxe4 12. Nxe4 0-0 13. Nc3 Rc8 14. Qa4 a5 15. Rfd1 f5 16. Re1 Rf6 17. Rad1 Rg6 18. c5 b5 19. Qb3 Ba8 20. a4 b4 21. Rxe6 Kh8 22. Rxg6 hxg6 23. Nb1 Nf6 24. Nd2 Nd5 25. Nc4 Nxf4 26. gxf4 Bf6 27. Bf1 Rc7 28. Ne5 Bxe5 29. dxe5 Qh4 30. Qg3 Qxg3+ 31. hxg3 Bb7 32. Bc4 Kh7 33. Kg2 g5 34. fxg5 Kg6 35. Rd6+ Kxg5 36. f4+ Kh5 37. Be2# 1-0

[Event "Wch FIDE Online U12 Asia qual"]
[Site "Tornelo INT"]
[Date "2020.12.12"]
[Round "5"]
[White "Weerathungalage, WD Malisha Sasvidu"]
[Black "Senan, Ali Abdulla"]
[Result "1-0"]
[WhiteElo "1340"]
[BlackElo "1280"]
[PlyCount "49"]
[EventDate "2020.12.11"]
[EventType "swiss (rapid)"]
[EventRounds "7"]
[EventCountry "ISS"]
[SourceTitle "EXT 2022"]
[Source "ChessBase"]
[SourceDate "2021.10.06"]
[SourceVersion "1"]
[SourceVersionDate "2021.10.06"]
[SourceQuality "1"]

1. e4 e5 2. Nf3 Nc6 3. Bc4 Bc5 4. c3 Nf6 5. d3 h6 6. Nbd2 d6 7. Nf1 Bg4 8. Ng3 d5 9. exd5 Nxd5 10. h3 Be6 11. Bxd5 Bxd5 12. 0-0 Qf6 13. Ne4 Bxe4 14. dxe4 Qg6 15. Re1 f5 16. exf5 Qxf5 17. b4 Bb6 18. b5 Ne7 19. Rxe5 Qf6 20. Ba3 c5 21. bxc6 0-0 22. cxb7 Rab8 23. Bxe7 Qc6 24. Bxf8 Rxf8 25. Qb3+ 1-0